000 00620nam a2200217 4500
003 OSt
005 20240628013053.0
006 a
008 240628b |||||||| |||| 00| 0 eng d
020 _a9789718915493
040 _aDWCL-Main lib.
_cOC
082 _aFil. 170 C957d 2007
100 _aCruz, O.V
245 _aDetrimental and beneficial social doctrine /
260 _aManila :
_bCBCP Communication Development Foundation, Inc. ,
_cc2007.
300 _b182 p. ;
_c20 cm.
650 _a1. Ethics.
650 _a2. Christianity-Doctrines.
650 _a3. Social ethics.
942 _2ddc
_n0
_cBK - FIL
_kFil.
999 _c1542
_d1542